000 00441nam a2200181Ia 4500
008 090122s9999 xx 000 0 und d
082 _b1163
_a891.4681
100 _aयशवंत
245 _aयशोधन
260 _bचित्रशाळा
_c1956
300 _a159
501 _a--
600 _aयशवंत
630 _aयशोधन
700 _aयशवंत
730 _aयशोधन
942 _cBOOK
999 _c25241
_d25241